Волшебный мир стекла и хрусталя (Запись № 12264708)
[ простой вид ]
| 000 -МАРКЕР | |
|---|---|
| контрольное поле | 02047nam0a2200373 4500 |
| 001 - ИДЕНТИФИКАТОР ЗАПИСИ | |
| контрольное поле | RU\NLR\BIBL_A\012176529 |
| 005 - ИДЕНТИФИКАТОР ВЕРСИИ | |
| контрольное поле | 20200130171011.0 |
| 010 ## - МЕЖДУНАРОДНЫЙ СТАНДАРТНЫЙ НОМЕР КНИГИ (ISBN) | |
| Номер (ISBN) | 978-5-6041419-0-8 |
| 021 ## - НОМЕР ГОСУДАРСТВЕННОЙ РЕГИСТРАЦИИ | |
| Код страны | Российская Федерация |
| Номер | КН-П-19-094138 |
| Номер Листа государственной регистраци | КН-П-19-6899 |
| 035 ## - ДРУГИЕ СИСТЕМНЫЕ НОМЕРА | |
| Идентификатор записи | (NLR Aleph) 012176529 |
| 035 ## - ДРУГИЕ СИСТЕМНЫЕ НОМЕРА | |
| Идентификатор записи | (RuMoRGB)010190994 |
| 100 ## - ДАННЫЕ ОБЩЕЙ ОБРАБОТКИ | |
| Данные общей обработки | 20200109d2018 u y0rusy50 ca |
| 101 0# - ЯЗЫК РЕСУРСА | |
| Язык текста, звукозаписи и т.д. | русский |
| 102 ## - СТРАНА ПУБЛИКАЦИИ ИЛИ ПРОИЗВОДСТВА | |
| Страна публикации | Российская Федерация |
| 105 ## - ПОЛЕ КОДИРОВАННЫХ ДАННЫХ: ТЕКСТОВЫЕ МАТЕРИАЛЫ, МОНОГРАФИЧЕСКИЕ | |
| Кодированные данные о монографическом текстовом документе | ac||z|||010zy |
| 181 #0 - ПОЛЕ КОДИРОВАННЫХ ДАННЫХ: ВИД СОДЕРЖАНИЯ | |
| Код вида содержания (ISBD) | i |
| Код характеристики содержания (ISBD) | axxe |
| 182 #0 - ПОЛЕ КОДИРОВАННЫХ ДАННЫХ: ТИП СРЕДСТВА | |
| Код типа средства (ISBD) | n - непосредственное |
| 200 1# - ЗАГЛАВИЕ И СВЕДЕНИЯ ОБ ОТВЕТСТВЕННОСТИ | |
| Основное заглавие | Волшебный мир стекла и хрусталя |
| Сведения, относящиеся к заглавию | [каталог произведений] |
| -- | к 90-летию Народного художника России Бориса Тимофеевича Бычкова |
| Первые сведения об ответственности | Министерство культуры и архивов Иркутской области, Иркутский областной художественный музей им. В. П. Сукачева |
| Последующие сведения об ответственности | [составитель: Ольга Борисовна Бычкова-Бельская] |
| 203 ## - ВИД СОДЕРЖАНИЯ И ТИП СРЕДСТВА | |
| Вид содержания | Текст |
| Дополнительные сведения об издании | визуальный |
| Тип средства | непосредственный |
| 210 ## - ПУБЛИКАЦИЯ, РАСПРОСТРАНЕНИЕ И ДР. | |
| Место издания, распространения и т.д. | Иркутск |
| Имя издателя, распространителя и т. д. | [б. и.] |
| Дата издания, распространения и т.д. | 2018 |
| 215 ## - ФИЗИЧЕСКАЯ ХАРАКТЕРИСТИКА | |
| Специфическое обозначение материала и объем | 36 с. |
| Другие сведения о физической характеристике | ил., цв. ил., портр. |
| Размеры | 21х21 |
| 600 #1 - ИМЯ ЛИЦА КАК ПРЕДМЕТ | |
| Начальный элемент ввода | Бычков |
| Часть имени, кроме начального элемента ввода | Б. Т. |
| Даты | 1928 - 2005 |
| Расширение инициалов личного имени | Борис Тимофеевич |
| Формальный подзаголовок | Каталоги |
| Системный номер авторитетной/нормативной записи | 2436158 |
| Идентификатор авторитетной/нормативной записи | RU\NLR\AUTH\6601667684 |
| 686 1# - ИНДЕКСЫ ДРУГИХ КЛАССИФИКАЦИЙ | |
| Индекс | Щ125.23(2Р=Рус)7-8Бычков я26 |
| 702 #1 - ИМЯ ЛИЦА - ВТОРИЧНАЯ ОТВЕТСТВЕННОСТЬ | |
| Код отношения | Составитель |
| Начальный элемент ввода | Бычкова-Бельская |
| Часть имени, кроме начального элемента ввода | О. Б. |
| Даты | 1957- |
| Расширение инициалов личного имени | Ольга Борисовна |
| Системный номер авторитетной/нормативной записи | 215108 |
| Идентификатор авторитетной/нормативной записи | RU\NLR\AUTH\770215164 |
| 702 #1 - ИМЯ ЛИЦА - ВТОРИЧНАЯ ОТВЕТСТВЕННОСТЬ | |
| Код отношения | Прочие |
| Графика поля | Кириллица |
| Материалы, к которым относится поле | rus |
| Начальный элемент ввода | Бычков |
| Часть имени, кроме начального элемента ввода | Б. Т. |
| Дополнения к именам, кроме дат | художник |
| Даты | 1928-2005 |
| Расширение инициалов личного имени | Борис Тимофеевич |
| Системный номер авторитетной/нормативной записи | 215122 |
| Идентификатор авторитетной/нормативной записи | RU\NLR\AUTH\770215178 |
| 712 02 - НАИМЕНОВАНИЕ ОРГАНИЗАЦИИ - ВТОРИЧНАЯ ОТВЕТСТВЕННОСТЬ | |
| Код отношения | Издающая организация |
| Начальный элемент ввода | Иркутский областной художественный музей им. В. П. Сукачева |
| Системный номер авторитетной/нормативной записи | 566913 |
| Идентификатор авторитетной/нормативной записи | RU\NLR\AUTH\8810034286 |
| 942 ## - ДОПОЛНИТЕЛЬНЫЕ ЭЛЕМЕНТЫ ЗАПИСИ (АБИС) | |
| Тип экземпляра АБИС | Книга |
| 980 ## - КОЛЛЕКЦИЯ | |
| Название коллекции | НБР |
| 980 ## - КОЛЛЕКЦИЯ | |
| Название коллекции | Национальная библиография |
Нет доступных экземпляров.